Technológie pre klienta

Telematika a s ňou spojené poistenie dokazuje, že takýto model poistenia môže byť veľmi úspešný a pozitívne ovplyvniť spôsob komunikácie medzi klientom a poisťovňou. Telematické zariadenie, ktoré môže zachrániť ľudské životy. Poistné zmluvy a očakávania v Európe.

Na minha lista:
Detalhes bibliográficos
Autor principal: Hrotka, Marián
Formato: Capítulo de Livro
Idioma:eslovaco
Assuntos:
Tags: Adicionar Tag
Sem tags, seja o primeiro a adicionar uma tag!

MARC

LEADER 00000naa a2200000 4500
001 0229123
005 20231204141155.5
041 0 |a slo 
044 |a SK 
245 1 0 |a Technológie pre klienta  |c Marián Hrotka 
520 |a Telematika a s ňou spojené poistenie dokazuje, že takýto model poistenia môže byť veľmi úspešný a pozitívne ovplyvniť spôsob komunikácie medzi klientom a poisťovňou. Telematické zariadenie, ktoré môže zachrániť ľudské životy. Poistné zmluvy a očakávania v Európe. 
610 2 0 |a poisťovníctvo 
610 2 0 |a poisťovne 
610 2 0 |a zmluvy poistné 
610 2 0 |a udalosti poistné 
610 2 0 |a riziko poistné 
610 2 0 |a poistenie 
610 2 0 |a portfólio 
610 2 0 |a technológie nové 
100 1 |a Hrotka, Marián